00428nam a2200145Ia 4500100002000000942000700020654001600027245004000043260003500083082001300118300000800131546001200139999001700151952011400168 aPhilips Modev.  cBK aManagement. aProject management with CPM & PERT. bVan nostand rainhold co.c2001 a658.4032 a283 aENGLISH c32275d32275 001040708AFTaCRCEbCRCEd2023-03-17g28.00i1074l0o658.4032 pAFT767r2023-03-17v28.00w2023-03-17yBK